1316 1275 1893 1787 1010 1756 1156 1677 1230 1697 1290 1719 1334 1475 1796 1541 1984 1947 1095 1640 1028 1891 1188 1333 1880 1246 1238 1167 1325 1802 1988 1233 1158 1847 1914 1359 1884 1127 1817 1490 1491 1868 1701 1301 1676 1146 1444 1635 1559 1857 1969 1414 1465 1924 1002 1979 1149 1222 1880 1876 1626 1219 1401 1673 1336 1433 1745 1156 1388 1492 1493 1884 1317 1493 1630 1753 1389 1325 1827 1751 1528 1467 1030 1483 1704 1810 1446 1841 1800 1961 1701 1685 1686 1881 1008 1675 1816 1809 1766 BCNSPRNW ULIB Ver.6.0+V

เปลี่ยนเป็นภาษาไทย

Change to English
 แสดงรายละเอียดบรรณานุกรม
  กลับหน้าหลัก

Brief Record : Get Marc (ISO 2709) : E-mail record : QR code < ปิดหน้าต่าง
LEADER : 00000nam 2200000uu 4500
001    13399113933
003     ULIB
008    110320s||||||||th 000 0 tha d
099    วจ.HQ56^bจ148ค
100 0  จรรยา แก้วใจบุญ
245 00 ค่านิยมทางเพศและปัจจัยที่เกี่ยวข้องกับค่านิยมทางเพศของวัยรุ่น เขตอำเภอเมืองพะเยา/^cจรรยา แก้วใจบุญและทิติยา กาวิละ
260    พะเยา :^bวิทยาลัยพยาบาลบรมราชชนนี พะเยา,^c2553
300    91 หน้า :^bตาราง
500    รายงานการวิจัย
650  7 เพศศึกษา^xวัยรุ่น^xวิจัย
700 0  ทิติยา กาวิละ
710 2  วิทยาลัยพยาบาลบรมราชชนนี. ^bพะเยา
945    ^p0^l0^i030964
995    ทศพร
999 ^a ใช้งานได้ทุกระบบ
รายการนี้ยังไม่มีแท็ก
คุณยังไม่ได้ล็อกอิน คุณสามารถมีกิจกรรมร่วมกับเว็บไซต์ได้ แต่ต้องล็อกอินก่อน ::
  ล็อกอิน

รายการสื่อสารสนเทศ

ลำดับที่ ประเภท เลขเรียก/บาร์โค้ด สถานที่ สถานะ
1. งานวิจัย
งานวิจัย
วจ.HQ56 จ148ค ฉ.1 
  Barcode: 030964
ห้องสมุดวิทยาเขตสวรรค์ประชารักษ์
►วิจัย
บนชั้น

รายการใกล้เคียง
    ผู้แต่ง [จรรยา แก้วใจบุญ]

BibComment


ยังไม่เคยถูกคอมเมนท์

คอมเมนท์ทรัพยากรรายการนี้
  คอมเมนท์: ค่านิยมทางเพศและป..


 Copyright 2026. Bcnsprnw @Library